000 00243nam a22000857a 4500
008 160705b xxu||||| |||| 00| 0 eng d
100 _92266
_a Apte, V.S
245 _aThe Students Sanskrit - English Dictionary
260 _aDelhi
_b New Bharatiya
_c2003
999 _c1949
_d1949